Voces amerindias en Madre Milpa (1934, 1950 y 1965) de Carlos Samayoa Chinchilla (1898-1973)

שמור ב:
מידע ביבליוגרפי
מחבר ראשי: Perdu, Vanessa
פורמט: לא ידוע
יצא לאור: Roma, Italia: Universita Cattolica del Sacro Cuore,
תגים: הוספת תג
אין תגיות, היה/י הראשונ/ה לתייג את הרשומה!

MARC

LEADER 000000000a22000000004500
001 001642
022 |a 20351496 
041 0 |a Español 
092 0 |a Centroamericana 
100 1 |a Perdu, Vanessa 
245 1 0 |a Voces amerindias en Madre Milpa (1934, 1950 y 1965) de Carlos Samayoa Chinchilla (1898-1973) 
260 |a Roma, Italia:   |b Universita Cattolica del Sacro Cuore, 
310 |a anual 
773 0 |t Centroamericana 
773 0 |g número 23.1 (2013) 
773 0 |g 1990- 
773 0 |g 69-92 páginas 
999 |c 1933  |d 1933